01688nam a2200265Ia 4500001000600000003000900006008004100015040001300056040001300069041001300082100002300095100002900118245003800147245003900185250001100224260001400235260001200249260004900261300005600310500095100366650002801317650003101345700001901376700002701395H6989IT-RoPAU130308s9999 xx 000 0 und d aIT-RoPAU cIT-RoPAU aITALIANO aLorusso Anna Maria gCodice Aut. SPICS: 55637 aSemiotica del testo giornalistico bSemiotica del testo Giornalistico a1a ed. aROMA/BARI bLaterza c2005 [1° Ed.:2005 - Ed.Ling.Originale:2005] a"166 p. (prefazione: 14; testo: 152 [pagine: 0-0])" a"I Struttura del Giornale: Formati; schemi di Impaginazione; Lettering; Titoli; sezioni del Giornale; Tematizzazione e topicalizzazione; Prima Pagina;Apparato Iconografico; Info Grafica; Fotografie; Vignette. Ii voce del Giornale: giornale Come Marca; Enunciato ed Enunciazione; Enunciatori Delegati; Costruzione del Lettore; contratti di Lettura e Stili Enunciazionali. III Racconto del Giornale: Racconto, Storie, Narrativita'; strutture Narrativeprofonde; Tempi, Attori, Luoghi; posizione del Narratore; Temi, Valori, Figure; tipologie di Notizie. Iv gestione del Sapere: informare Come far Sapere; 1 commento Oggettivo; Referenzializzazione Interna; Programmazione Discorsiva; Informatori e Osservatori; Competenze e Universi di Sapere. V Informazione Appassionata: livello Patemico del Discorso; Euforie, Disforie, Affetti Profondi; Tensioni, Ritmi, Aspetti; Giochi Modali; Corpo e Passioni; passioni del Lettore. Riferimenti Bibliografici." aTEORICHE GIORNALISTICHE eCodice materia Spics: 7055 aVioli Patrizia gCodice Aut. SPICS: 637